banner-ar

مختارات من نوادر مقتنيات مكتبة الاسكندرية ( المجموعة الاولى ) / (Record no. 50484)

MARC details
000 -الفاتح
حقل البيانات ثابتة الطول 00734nam a2200205Ia 4500
008 - عناصر البيانات ثابتة الطول - معلومات عامة
حقل البيانات ثابتة الطول 140319s9999 xx 000 0 ara d
040 ## - مصدر الفهرسة
وكالة الفهرسة الأصلية GCL /
وكالة النسخ GCL
082 04 - رقم تصنيف ديوى العشرى
رقم التصنيف 090
رقم المادة ى م
100 1# - المدخل الرئيسى - إسم شخصى
الإسم الشخصى اسماعيل سراج الدين
245 10 - بيان العنوان
العنوان مختارات من نوادر مقتنيات مكتبة الاسكندرية ( المجموعة الاولى ) /
بيان المسئوليه,etc اسماعيل سراج الدين
700 1# - المدخل الاضافى - اسم شخصى
الإسم الشخصى يوسف زيدان
260 ## - PUBLICATION, DISTRIBUTION, ETC. (IMPRINT)
تاريخ النشر أو التوزيع 2003
300 ## - الوصف المادى
التعداد 90 ص ؛
أبعاد الوعاء 30 سم
650 04 - المدخل الاضافى بالموضوع-مصطلح موضوعى
مصطلح موضوعي المخطوطات العربية
650 04 - المدخل الاضافى بالموضوع-مصطلح موضوعى
مصطلح موضوعي المخطوطات
650 04 - المدخل الاضافى بالموضوع-مصطلح موضوعى
مصطلح موضوعي كتب التراث
650 04 - المدخل الاضافى بالموضوع-مصطلح موضوعى
مصطلح موضوعي الكتب النادرة
942 ## - عناصر المدخل الإضافي( كوها)
مصدر التصنيف او مخطط الترفيف Dewey Decimal Classification
Koha [default] item type كتاب
260 ## - PUBLICATION, DISTRIBUTION, ETC. (IMPRINT)
-- القاهرة :
-- مكتبة الاسكندرية ،
Holdings
حالة التراجع حالة الفقد حالة تلف ليس للاعارة المكان المؤقت الموقع الحالى تاريخ الاكتساب اجمالي اﻻعارات رقم الطلب الباركود تاريخ اخر مشاهدة تاريخ تفعيل السعر نوع وعاء كوها
        مكتبة القاهرة الكبرى مكتبة القاهرة الكبرى 03/26/2014   090 \ى م 121070 03/26/2014 03/26/2014 كتاب
        مكتبة القاهرة الكبرى مكتبة القاهرة الكبرى 03/26/2014   090 \ى م 121071 03/26/2014 03/26/2014 كتاب
        مكتبة القاهرة الكبرى مكتبة القاهرة الكبرى 03/26/2014   090 \ى م 121072 03/26/2014 03/26/2014 كتاب

Powered By

EGPV